Statistics for ASOIAF (Game of Thrones): Seats of Houses Great and Small

Click here to take the quiz!

General Stats

  • This quiz has been taken 989 times
  • The average score is 32 of 69

Answer Stats

HouseSeat% Correct
StarkWinterfell
100%
LannisterCasterly Rock
95%
TyrellHighgarden
94%
GreyjoyPyke
94%
TullyRiverrun
94%
ArrynThe Eyrie
93%
BaratheonStorm's End
92%
Baratheon (Stannis)Dragonstone
91%
FreyThe Twins
91%
MartellOld Palace
90%
BoltonThe Dreadfort
89%
MormontMormont Keep
88%
Baratheon (King's Landing)Red Keep
79%
KarstarkKarhold
74%
ManderlyNew Castle
73%
UmberLast Hearth
71%
WhentHarrenhal
67%
BaelishBaelish Keep
66%
TarlyHorn Hill
66%
GloverDeepwood Motte
61%
HightowerThe Hightower
60%
ReedGreywater Watch
57%
RedwyneThe Arbor
53%
CleganeClegane's Keep
52%
DayneStarfall
52%
HornwoodHornwood
50%
StokeworthStokeworth
49%
YronwoodYronwood
48%
VelaryonDriftmark
47%
RedfortRedfort
47%
CerwynCastle Cerwyn
46%
CrakehallCrakehall
46%
DarryDarry
44%
WesterlingThe Crag
44%
RosbyRosby
43%
Royce (Yohn)Runestone
41%
TallhartTorrhen's Square
41%
MootonMaidenpool
39%
BlackwoodRaventree Hall
38%
MallisterSeagard
38%
TarthEvenfall Hall
37%
WylWyl
33%
BlackmontBlackmont
32%
HarlawTen Towers
32%
DustinBarrow Hall
30%
Royce (Nestor)Gates of the Moon
30%
FlorentBrightwater Keep
28%
CeltigarClaw Isle
27%
GreenfieldGreenfield
26%
BrackenStone Hedge
26%
TarbeckTarbeck Hall
26%
Fossoway (red apple)Cider Hall
25%
FarmanFaircastle
25%
DondarrionBlackhaven
23%
SelmyHarvest Hall
22%
MarbrandAshemark
21%
MerryweatherLongtable
19%
OakheartOld Oak
19%
CorbrayHeart's Home
17%
SwyftCornfield
16%
RowanGoldengrove
16%
EstermontGreenstone
16%
MasseyStonedance
14%
SwannStonehelm
13%
WaynwoodIronoaks
12%
SantagarSpottswood
11%
RykkerThe Dun Fort
10%
TollettThe Grey Glen
7%
HOWHOWHOWHOW
1%

Score Distribution

Percentile by Number Answered

Percent of People with Each Score

Your Score History

You have not taken this quiz